000 00987nam a2200277 i 4500
003 DO-SdBNP
005 20250715135908.0
007 ta
008 250606b1979 dr ||||| |||| 00| 0 spa d
040 _aDO-SdBNP
_bspa
_cBNPHU
_erda
082 4 _a338.528097293
_bB213m
_222
110 2 _aBanco Central de la República Dominicana
_983405
245 1 0 _aMetodología para el cálculo del índice de precios al consumidor en la República Dominicana.
264 1 _aSanto Domingo :
_bBanco Central de la República Dominicana,
_c1979.
300 _a677 páginas ;
_c24 cm.
336 _atexto
_btxt
_2rdacontent
337 _asin mediación
_bn
_2rdamedia
338 _avolumen
_bnc
_2rdacarrier
504 _aBibliografía : páginas 677
590 _aInventariado, 2025/BT
650 0 _aÍndice de precios
_zRepública Dominicana
_97376
_vEstadísticas
650 0 _aÍndice de precios
_97376
650 0 _aPrecios
_zRepública Dominicana
_949075
910 _aBtavárez
942 _2ddc
_cLBS1
999 _c59166
_d59166